|
|
|
|
| LEADER |
00000nab a2200000 a 4500 |
| 001 |
vtls000208846 |
| 003 |
SK-MaSNL |
| 005 |
20260304210314.0 |
| 008 |
250422c1985 xo 0 slo |
| 015 |
|
|
|a SNBRB19rr/mm-uuuuu
|
| 035 |
|
|
|a CL0218959
|
| 035 |
|
|
|a urn:nbn:sk:snk-ab6urb
|
| 035 |
|
|
|a (uuid)d2e4e51f-90e3-4005-a439-5195fb59c47e
|
| 035 |
|
|
|a (urnnbn)urn:nbn:sk:snk:ar-a05ziy
|
| 035 |
|
|
|a (sysno)vtls000208846
|
| 040 |
|
|
|a SNKBUCL
|b slo
|c SNKBUCL
|e AACR2
|
| 041 |
0 |
|
|a cze
|
| 044 |
|
|
|a xo
|c SK
|
| 080 |
|
|
|a 613.83:615.851
|2 1981
|
| 080 |
|
|
|a 615.851
|2 1981
|
| 100 |
1 |
|
|a Strnadová, V.
|4 aut
|9 1134501
|
| 245 |
1 |
0 |
|a Zkušenosti se samostatnou stanicí toxikomanů v rámci protialkoholního primariátu z psychologických aspektů léčby
|c V. Strnadová, V. Straka
|
| 300 |
|
|
|b Lit. 9 zázn. v češ., angl.
|
| 650 |
0 |
7 |
|a drogová závislosť
|2 snkbucl
|9 1551
|
| 650 |
0 |
7 |
|a psychoterapia
|2 snkbucl
|9 2575
|
| 655 |
|
7 |
|a články z novín a časopisov
|2 snkbucl
|9 267496
|
| 700 |
1 |
|
|a Straka, V.
|4 aut
|9 423550
|
| 773 |
0 |
|
|t Protialkoholický obzor
|g Roč. 20, č. 1 (1985), s. 25-29
|
| 850 |
|
|
|a Slovenská národná knižnica
|
| 852 |
|
|
|a Slovenská národná knižnica
|
| 954 |
|
|
|a odborná, vedecká literatúra cudzojazyčná (svetová)
|2 lita
|
| 958 |
|
|
|a article2022
|
| 958 |
|
|
|a NB
|
| 958 |
|
|
|a RK
|
| 958 |
|
|
|a MI
|
| 958 |
|
|
|a OND
|
| 958 |
|
|
|a EUIPO
|
| 992 |
|
|
|a RBX
|
| 999 |
|
|
|c 3125535
|d 3127465
|